Statistics for Cities and landscapes of Spain by image

Click here to take the quiz!

General Stats

  • This quiz has been taken 8 times
  • The average score is 14 of 26

Answer Stats

Answer% Correct
Barcelona
100%
Pamplona
100%
Santiago de Compostela
100%
Sevilla
100%
Bilbao
88%
Madrid
88%
Valencia
88%
Granada
75%
Mallorca/Palma de Mallorca
75%
Toledo
75%
Alicante
63%
Cordoba/Cordova
63%
Ronda
63%
Segovia
63%
Cuenca
38%
Ibiza
38%
Salamanca
38%
San Sebastian
38%
Zaragoza
38%
Malaga
25%
Monte Perdido/Mont Perdu
25%
Gran Canaria
13%
Tenerife
13%
Formentera
0%
Galicia
0%
La Rioja
0%

Score Distribution

Percentile by Number Answered

Percent of People with Each Score

Your Score History

You have not taken this quiz